000 00535nam a2200169 i 4500
001 58437
003 ES-MaACL
005 20230906163816.0
007 t|
008 031022s1922 fr ||||1| fre d
100 1 _aDugas, L.
_9182644
245 1 4 _aLes grands timides
_b: Jean Jacques Rousseau-Benjamin Constant-Chateaubriand, Stendhal-Merimee /
_cL. Dugas.
260 _aParis :
_b[s.n.,
_c1922] (
_eSaint Germain-lés-Corbeil :
_fWillaume)
300 _aVIII, 192 p. ;
_c18 cm.
852 _aES-MaACL
_jF-11876
999 _c58437
_d58437